Vplyv priamych zahraničných investícií na faktorovú intenzitu slovenskej ekonomiky

Zhodnotenie vplyvu priamych zahraničných investícií na zmenu vybraných oblastí kvalitatívnej náročnosti slovenskej ekonomiky, predovšetkým na zvyšovanie technologickej a kvalifikačnej intenzity vybraných odvetví. Skúmanie tvorby podmienok pre vznik efektov spillovers z priamych zahraničných investíc...

Descrizione completa

Salvato in:
Dettagli Bibliografici
Autore principale: Fifeková, Elena
Altri autori: Fifeková, Martina
Natura: Capitolo di libro
Lingua:slovacco
Soggetti:
Tags: Aggiungi Tag
Nessun Tag, puoi essere il primo ad aggiungerne!!

MARC

LEADER 00000nla$a2200000$$$4500
001 0076017
005 20240502071905.5
041 0 |a slo 
044 |a SK 
245 1 0 |a Vplyv priamych zahraničných investícií na faktorovú intenzitu slovenskej ekonomiky  |c Elena Fifeková, Martina Fifeková 
520 |a Zhodnotenie vplyvu priamych zahraničných investícií na zmenu vybraných oblastí kvalitatívnej náročnosti slovenskej ekonomiky, predovšetkým na zvyšovanie technologickej a kvalifikačnej intenzity vybraných odvetví. Skúmanie tvorby podmienok pre vznik efektov spillovers z priamych zahraničných investícií. Empirický odhad efektov spillovers prostredníctvom hodnotenia vývoja súhrnnej produktivity faktorov v odvetviach s najvyššou prítomnosťou priamych zahraničných investícií. 
610 2 0 |a investície priame zahraničné 
610 2 0 |a odvetvia činnosti ekonomickej 
610 2 0 |a výkonnosť 
610 2 0 |a Slovensko 
610 2 0 |a inovácia 
100 1 |a Fifeková, Elena 
700 1 |a Fifeková, Martina